[Event "Lansing op"]
[Site "Lansing"]
[Date "2004.09.03"]
[Round "1"]
[White "Pointer, Gilbert"]
[Black "Saylor, Oliver"]
[Result "0-1"]
[WhiteElo "1659"]
[BlackElo "1332"]
[PlyCount "94"]
[EventDate "2004.09.03"]
[EventType "swiss"]
[EventRounds "7"]
[EventCountry "USA"]
[SourceTitle "EXT 2007"]
[Source "ChessBase"]
[SourceDate "2006.11.23"]
[SourceVersion "1"]
[SourceVersionDate "2006.11.23"]
[SourceQuality "1"]

1. c4 c5 2. Nc3 e5 3. Nf3 Nc6 4. g3 Nf6 5. Bg2 g6 6. 0-0 Bg7 7. d3 0-0 8. a3 d6 9. Rb1 Be6 10. b4 b6 11. Bg5 Rb8 12. Nd2 Qd7 13. b5 Ne7 14. Nce4 Nxe4 15. Nxe4 f5 16. Bxe7 Qxe7 17. Nd2 f4 18. Ne4 d5 19. cxd5 Bxd5 20. Qa4 Rbd8 21. Rbd1 Qf7 22. Ng5 Qe7 23. Bxd5+ Rxd5 24. Ne4 Kh8 25. Qc4 Rd4 26. Qb3 c4 27. Qc3 cxd3 28. exd3 Qd7 29. Kg2 f3+ 30. Kh1 Qh3 31. Rg1 Rfd8 32. Qb3 Qd7 33. Ng5 Qd5 34. Qxd5 R4xd5 35. Nxf3 Rxd3 36. Rxd3 Rxd3 37. Ng5 Rxa3 38. Re1 Kg8 39. Rc1 h6 40. Ne6 Kf7 41. Nd8+ Kf6 42. h4 h5 43. Kg2 Bh6 44. Kh3 Bxc1 45. Nc6 e4 46. Nb4 Rc3 47. Kg2 Ba3 0-1

[Event "Kalamazoo op1"]
[Site "Kalamazoo"]
[Date "2003.08.30"]
[Round "2.7"]
[White "Saylor, Oliver"]
[Black "Smith, Robert Wayne"]
[Result "1-0"]
[WhiteElo "1549"]
[BlackElo "1512"]
[PlyCount "99"]
[EventDate "2003.08.29"]
[EventType "swiss"]
[EventRounds "7"]
[EventCountry "USA"]
[SourceTitle "EXT 2007"]
[Source "ChessBase"]
[SourceDate "2006.11.23"]
[SourceVersion "1"]
[SourceVersionDate "2006.11.23"]
[SourceQuality "1"]

1. e4 c5 2. Nf3 d6 3. d4 cxd4 4. Nxd4 Nf6 5. Nc3 a6 6. Bc4 e6 7. 0-0 b5 8. Bd3 Be7 9. a3 0-0 10. Qf3 Bb7 11. Qg3 Nbd7 12. Bh6 Ne8 13. Nf3 Kh8 14. Be3 e5 15. Nd5 Rc8 16. Nxe7 Qxe7 17. Rac1 Nef6 18. Bg5 Nc5 19. Rfe1 Ne6 20. Nh4 Nxg5 21. Nf5 Qe6 22. Qxg5 g6 23. Nh6 Rc7 24. c4 Rfc8 25. b3 Kg7 26. Nf5+ Kh8 27. Nh6 Kg7 28. f3 Nh5 29. Ng4 Nf4 30. Bf1 f6 31. Qh6+ Kh8 32. Qh4 Kg7 33. Ne3 g5 34. Qg3 Kg6 35. Nd5 Nxd5 36. exd5 Qd7 37. Bd3+ Kg7 38. h3 h6 39. Qf2 bxc4 40. bxc4 Rc5 41. Qe3 a5 42. Rb1 Ba6 43. Qe4 Kh8 44. Qg6 Qg7 45. Qf5 Qf7 46. Rb6 Bxc4 47. Bxc4 Rxc4 48. Rxd6 R4c7 49. Rxf6 Qg7 50. Qxe5 1-0

[Event "Auburn Hills op"]
[Site "Auburn Hills"]
[Date "2003.04.27"]
[Round "4"]
[White "Choate, Eric"]
[Black "Saylor, Oliver"]
[Result "1-0"]
[WhiteElo "1516"]
[BlackElo "1427"]
[PlyCount "43"]
[EventDate "2003.04.26"]
[EventType "swiss"]
[EventRounds "5"]
[EventCountry "USA"]
[SourceTitle "EXT 2007"]
[Source "ChessBase"]
[SourceDate "2006.11.23"]
[SourceVersion "1"]
[SourceVersionDate "2006.11.23"]
[SourceQuality "1"]

1. e4 c5 2. Nf3 d6 3. Bb5+ Bd7 4. Bxd7+ Nxd7 5. d3 Ngf6 6. 0-0 g6 7. Re1 Bg7 8. c3 0-0 9. Bf4 Qb6 10. Qd2 Nh5 11. Be3 Ne5 12. Nxe5 Bxe5 13. Na3 Qc6 14. Nc4 Bg7 15. Bh6 e6 16. Bxg7 Kxg7 17. e5 dxe5 18. Nxe5 Qd5 19. Ng4 Qf5 20. h3 Qf4 21. Qe2 Rad8 22. Rad1 1-0

[Event "Genesee County CC-ch"]
[Site "Flint"]
[Date "2002.10.23"]
[Round "2"]
[White "Saylor, Oliver"]
[Black "Thach, Scott"]
[Result "0-1"]
[WhiteElo "1391"]
[BlackElo "1204"]
[PlyCount "79"]
[EventDate "2002.10.23"]
[EventType "swiss"]
[EventRounds "5"]
[EventCountry "USA"]
[SourceTitle "EXT 2009"]
[Source "ChessBase"]
[SourceDate "2008.11.26"]
[SourceVersion "1"]
[SourceVersionDate "2008.11.26"]
[SourceQuality "1"]

1. e4 e6 2. d4 b6 3. Nc3 Bb7 4. Be3 Bb4 5. Qg4 Qf6 6. a3 Bxc3+ 7. bxc3 Ne7 8. Bd3 Qg6 9. Qh4 Qxg2 10. Qg3 Bxe4 11. Bxe4 Qxe4 12. Nf3 Nf5 13. Qf4 Qxf4 14. Bxf4 d6 15. c4 Nd7 16. Rb1 c5 17. c3 Rd8 18. 0-0 f6 19. a4 g5 20. Bc1 h5 21. Nd2 cxd4 22. cxd4 Nxd4 23. Bb2 Nc6 24. Ne4 Ke7 25. Ba3 Nc5 26. Nd2 Nxa4 27. Nf3 Nc5 28. Bb2 Rd7 29. Rbd1 Na5 30. Nd2 Rc8 31. f4 Nd3 32. Ba1 Nxf4 33. h4 Nh3+ 34. Kh2 g4 35. Bxf6+ Ke8 36. Rde1 e5 37. Ne4 Rxc4 38. Re2 Nb3 39. Bg7 Kd8 40. Bh6 0-1

[Event "Lansing op"]
[Site "Lansing"]
[Date "2002.09.02"]
[Round "7"]
[White "Bolda, Dan G"]
[Black "Saylor, Oliver"]
[Result "1-0"]
[WhiteElo "1600"]
[BlackElo "1414"]
[PlyCount "33"]
[EventDate "2002.08.30"]
[EventType "swiss"]
[EventRounds "7"]
[EventCountry "USA"]
[SourceTitle "EXT 2007"]
[Source "ChessBase"]
[SourceDate "2006.11.23"]
[SourceVersion "1"]
[SourceVersionDate "2006.11.23"]
[SourceQuality "1"]

1. d4 d5 2. c4 c6 3. cxd5 cxd5 4. Nc3 Nf6 5. Bf4 e6 6. e3 Bb4 7. Bb5+ Bd7 8. Qa4 Be7 9. Nf3 Nc6 10. Qc2 0-0 11. a3 a6 12. Bd3 b5 13. 0-0 h6 14. h3 Bc8 15. Nxb5 axb5 16. Qxc6 Rb8 17. Bxb8 1-0

[Event "Lansing op"]
[Site "Lansing"]
[Date "2002.09.01"]
[Round "4"]
[White "Saylor, Oliver"]
[Black "Hazzard, William"]
[Result "0-1"]
[WhiteElo "1414"]
[BlackElo "1573"]
[PlyCount "108"]
[EventDate "2002.08.30"]
[EventType "swiss"]
[EventRounds "7"]
[EventCountry "USA"]
[SourceTitle "EXT 2007"]
[Source "ChessBase"]
[SourceDate "2006.11.23"]
[SourceVersion "1"]
[SourceVersionDate "2006.11.23"]
[SourceQuality "1"]

1. e4 c5 2. Nf3 d6 3. d4 cxd4 4. Nxd4 Nf6 5. Nc3 a6 6. Be2 g6 7. Be3 Bg7 8. Qd2 0-0 9. Bh6 Nc6 10. Bxg7 Kxg7 11. 0-0 Qb6 12. Nxc6 bxc6 13. Rab1 Be6 14. a3 Rfd8 15. Qf4 Nd7 16. Bg4 Bxg4 17. Qxg4 Ne5 18. Qe2 Rab8 19. Kh1 a5 20. f4 Nd7 21. f5 Nf6 22. e5 dxe5 23. Qxe5 Rb7 24. fxg6 hxg6 25. Ne4 Qd4 26. Qxd4 Rxd4 27. Nxf6 exf6 28. Rf2 Rxb2 29. Rbf1 f5 30. g3 Ra2 31. c3 Rxf2 32. Rxf2 Rd3 33. Rc2 g5 34. Kg2 g4 35. Kf2 c5 36. Ke2 c4 37. a4 Kg6 38. Kf2 Kg5 39. Ke2 f4 40. gxf4+ Kxf4 41. Rc1 f5 42. Rf1+ Kg5 43. Rc1 f4 44. Rc2 f3+ 45. Kf2 Kh4 46. Ke1 g3 47. hxg3+ Kxg3 48. Rc1 f2+ 49. Kf1 Kf3 50. Rb1 Rxc3 51. Rb3 Re3 52. Rb1 c3 53. Rc1 c2 54. Rd1 cxd1Q# 0-1

[Event "Romulus op"]
[Site "Romulus"]
[Date "2002.06.22"]
[Round "2"]
[White "Saylor, Oliver"]
[Black "Imai, Toshio"]
[Result "1-0"]
[WhiteElo "1333"]
[BlackElo "1410"]
[PlyCount "31"]
[EventDate "2002.06.21"]
[EventType "swiss"]
[EventRounds "5"]
[EventCountry "USA"]
[SourceTitle "EXT 2008"]
[Source "ChessBase"]
[SourceDate "2007.11.25"]
[SourceVersion "1"]
[SourceVersionDate "2007.11.25"]
[SourceQuality "1"]

1. e4 e5 2. Nf3 f5 3. d3 Nc6 4. Nc3 Bc5 5. Be2 Nf6 6. Bg5 h6 7. Be3 Bb6 8. exf5 d5 9. d4 exd4 10. Nxd4 Nxd4 11. Bxd4 Bxd4 12. Qxd4 c5 13. Qxc5 Bxf5 14. 0-0 Bxc2 15. Nxd5 Rc8 16. Nxf6+ 1-0

[Event "Michigan Senior U1600"]
[Site "Warren"]
[Date "2002.06.08"]
[Round "1"]
[White "Foord, Allan"]
[Black "Saylor, Oliver"]
[Result "0-1"]
[WhiteElo "1500"]
[BlackElo "1328"]
[PlyCount "134"]
[EventDate "2002.06.08"]
[EventType "swiss"]
[EventRounds "4"]
[EventCountry "USA"]
[SourceTitle "EXT 2009"]
[Source "ChessBase"]
[SourceDate "2008.11.26"]
[SourceVersion "1"]
[SourceVersionDate "2008.11.26"]
[SourceQuality "1"]

1. e4 e5 2. Nf3 Nc6 3. Bb5 a6 4. Ba4 Nf6 5. 0-0 d6 6. Re1 Bg4 7. h3 Bh5 8. c3 Be7 9. d4 exd4 10. cxd4 b5 11. Bb3 Bxf3 12. gxf3 Qd7 13. Kh2 h6 14. Nc3 Nh7 15. f4 0-0 16. Be3 Kh8 17. Qf3 Na5 18. Bc2 Nc4 19. Bc1 c6 20. b3 Nb6 21. Bb2 Bf6 22. Rad1 Qc7 23. Qd3 g6 24. e5 dxe5 25. fxe5 Rad8 26. Qg3 Bg7 27. f4 Nd5 28. Ne4 Ne7 29. Nc5 Qc8 30. h4 Nf5 31. Qh3 a5 32. e6 Ne7 33. Nd7 Rxd7 34. exd7 Qd8 35. Re2 f5 36. Rde1 Bf6 37. h5 Qxd7 38. hxg6 Nxg6 39. Bxf5 Qf7 40. Qxh6 Rg8 41. Be6 Qg7 42. Qxg7+ Rxg7 43. Bf5 Nxf4 44. Re8+ Rg8 45. Rxg8+ Kxg8 46. Rc1 Nd5 47. Rxc6 Ng5 48. Be6+ Nxe6 49. Rxe6 Kf7 50. Ra6 Bd8 51. Rd6 Bc7 52. Kg2 Bxd6 53. Kf3 Ke6 54. Ke4 Nf6+ 55. Kd3 Kd5 56. a3 Nh5 57. Bc3 b4 58. axb4 Bxb4 59. Bb2 Nf4+ 60. Ke3 Ne6 61. Kd3 Be7 62. Bc3 Bd8 63. Ke3 Bb6 64. Kd3 Nxd4 65. Bxd4 Bxd4 66. Kc2 Kc5 67. Kd3 Kb4 0-1

[Event "Auburn Hills op"]
[Site "Auburn Hills"]
[Date "2002.04.27"]
[Round "2"]
[White "Saylor, Oliver"]
[Black "Foord, Larry"]
[Result "1-0"]
[WhiteElo "1421"]
[BlackElo "1506"]
[PlyCount "125"]
[EventDate "2002.04.26"]
[EventType "swiss"]
[EventRounds "5"]
[EventCountry "USA"]
[SourceTitle "EXT 2007"]
[Source "ChessBase"]
[SourceDate "2006.11.23"]
[SourceVersion "1"]
[SourceVersionDate "2006.11.23"]
[SourceQuality "1"]

1. e4 e5 2. Nf3 Nc6 3. Bc4 Be7 4. Nc3 Nf6 5. d3 h6 6. 0-0 0-0 7. Nd5 Bc5 8. Be3 Bxe3 9. Nxe3 d6 10. c3 a6 11. Bb3 Bd7 12. Qe2 Re8 13. Nd5 Na5 14. Bc2 b6 15. Nxf6+ Qxf6 16. Qd2 Bg4 17. Ne1 Qg6 18. b4 Nc6 19. Bb3 Ne7 20. f4 exf4 21. Qxf4 Rf8 22. Nc2 Rae8 23. Ne3 Be6 24. Bc2 Qh5 25. Bd1 Qe5 26. Qxe5 dxe5 27. a3 Rd8 28. Be2 Ng6 29. Rfd1 Nf4 30. Bf1 Rd6 31. d4 exd4 32. cxd4 b5 33. a4 c6 34. axb5 axb5 35. g3 Nh3+ 36. Bxh3 Bxh3 37. e5 Rd7 38. Rac1 Rfd8 39. Rxc6 Rxd4 40. Rd6 Rxd1+ 41. Rxd1 Rxd1+ 42. Nxd1 Kf8 43. Kf2 Ke7 44. Ke3 Ke6 45. Kd4 h5 46. Nc3 Bf1 47. h4 g6 48. Nd5 Bc4 49. Ne3 Be2 50. Nd5 Bf1 51. Nc7+ Kf5 52. Kc5 Kxe5 53. Nxb5 f5 54. Nd6 f4 55. Nc4+ Kf5 56. gxf4 Kxf4 57. b5 Kg4 58. Ne3+ Kxh4 59. Nxf1 g5 60. b6 g4 61. b7 g3 62. b8Q g2 63. Qg3# 1-0